000 01086nam a22003737a 4500
001 0051351
003 KOHA_MİRAKIL
005 20260207003802.0
007 ta
008 150629b2020 tu |||gr||||#||||0|tur |
020 _a9786055426583
040 _aTR-BiSEU
_btur
_cTR-BiSEU
_erda
041 0 _atur
044 _ctu
050 _aQ180
_b.K37 2014
100 1 _aKarasar, Niyazi.
245 1 _aBilimsel araştırma yöntemi :
_bkavramlar, ilkeler, teknikler/
_cNiyazi Karasar.
250 _a27. Basım
264 1 _aAnkara :
_bNobel
_c2020
300 _aXVII, 292 sayfa ;
_c24 cm.
336 _ametin
_btxt
_2rdacontent
337 _aaracısız
_bn
_2rdamedia
338 _acilt
_bnc
_2rdacarrier
490 1 _aNobel Yayın No ;
_v059.
490 1 _aEğitim Dizisi ;
_v18.
500 _aKaynakça var.
650 0 _aAraştırma--Metodoloji.
_91997
650 0 _aAraştırma.
_91913
650 0 _aResearch--Methodology.
_92795
650 0 _aResearch.
_92796
830 1 _aNobel Yayın No ;
_v059.
_91595
830 1 _aEğitim Dizisi ;
_v18.
_94490
942 _2lcc
_cBK
999 _c51175
_d51175